000 00625nam a2200241Ia 4500
003 OSt
005 20220924144326.0
006 a|||||r|||| 00| 0
007 ta
008 220923b |||||||| |||| 00| 0 urd d
020 _c07.50
024 _a313638
037 _cTextual
040 _aARTS
_cARTS
_burd
041 _2urd
_aurd
082 _aO168,1M97:g, L0
100 _aRaaz Raaj Narayan
_9217468
245 0 _aMunavvar Lucknowi
_b Shakhsiyat aur shairi
260 _c1970
650 _aURDU POETRY
942 _hO168,1M97:g, L0
_cTEXL
_2CC
999 _c456772
_d456772